000 00921nam a2200205 4500
001 121167
003 ES-MaACL
005 20240516063043.0
007 t|
008 070214s1982 sp r ||||1| spa d
100 1 _aPretel Marín, Aurelio,
_d1950-
_993800
245 1 0 _aDon Juan Manuel, señor de la llanura
_b: (repoblación y gobierno de la Mancha albacetense en la primera mitad del siglo XIV) /
_cAurelio Pretel Marín.
260 _aAlbacete :
_bInstituto de Estudios Albacetenses,
_c1982.
300 _a296 p. ;
_c24 cm.
490 1 _aPublicaciones del Instituto de Estudios Albacetenses. Serie I. Ensayos históricos y científicos ;
_v13
710 2 _aInstituto de Estudios Albacetenses.
_94884
830 0 _aPublicaciones del Instituto de Estudios Albacetenses. Serie I. Ensayos históricos y científicos ;
_v13
_9218731
852 _aES-MaACL
_jL-4081
_bR.104951
999 _c121167
_d121167